Byastigata arthaniti tattwa (Minor1)/ (Record no. 11609)

MARC details
000 -LEADER
fixed length control field 00613nam a22002177a 4500
005 - DATE AND TIME OF LATEST TRANSACTION
control field 20230829115057.0
008 - FIXED-LENGTH DATA ELEMENTS--GENERAL INFORMATION
fixed length control field 230829b ||||| |||| 00| 0 eng d
020 ## - INTERNATIONAL STANDARD BOOK NUMBER
International Standard Book Number 9789358490350
040 ## - CATALOGING SOURCE
Original cataloging agency IN-DiNC
Transcribing agency IN-DiNC
041 ## - LANGUAGE CODE
Language code of sung or spoken text Assamese
082 ## - DEWEY DECIMAL CLASSIFICATION NUMBER
Classification number 338.5
Item number BYA
245 ## - TITLE STATEMENT
Title Byastigata arthaniti tattwa (Minor1)/
Statement of responsibility, etc. by Minati Gogoi Baruah and others
250 ## - EDITION STATEMENT
Edition statement 1st ed.
260 ## - PUBLICATION, DISTRIBUTION, ETC.
Place of publication, distribution, etc. Dibrugarh:
Name of publisher, distributor, etc. Banalata,
Date of publication, distribution, etc. 2023.
300 ## - PHYSICAL DESCRIPTION
Extent 291p.
650 ## - SUBJECT ADDED ENTRY--TOPICAL TERM
Topical term or geographic name entry element Microeconomics
700 ## - ADDED ENTRY--PERSONAL NAME
Personal name Baruah, Minati Gogoi
Relator term Author
700 ## - ADDED ENTRY--PERSONAL NAME
Personal name Neog, Brajen Chandra
Relator term Author
700 ## - ADDED ENTRY--PERSONAL NAME
Personal name Mahanta, Bidisha
Relator term Author
942 ## - ADDED ENTRY ELEMENTS (KOHA)
Source of classification or shelving scheme Dewey Decimal Classification
Koha item type Books
Holdings
Withdrawn status Lost status Source of classification or shelving scheme Damaged status Not for loan Collection code Home library Current library Shelving location Date acquired Cost, normal purchase price Total Checkouts Full call number Barcode Date due Date last seen Date last checked out Copy number Price effective from Koha item type
    Dewey Decimal Classification     Economics Central Library, Naharkatiya College Central Library, Naharkatiya College General Stacks 29/08/2023 290.00 3 338.5 BYA 29651 14/11/2023 30/10/2023 30/10/2023 1 29/08/2023 Books
    Dewey Decimal Classification     Economics Central Library, Naharkatiya College Central Library, Naharkatiya College General Stacks 29/08/2023 290.00 8 338.5 BYA 29652   16/09/2025 02/09/2025 2 29/08/2023 Books
    Dewey Decimal Classification     Economics Central Library, Naharkatiya College Central Library, Naharkatiya College General Stacks 29/08/2023 290.00 9 338.5 BYA 29653 08/11/2025 24/10/2025 24/10/2025 3 29/08/2023 Books
    Dewey Decimal Classification     Economics Central Library, Naharkatiya College Central Library, Naharkatiya College General Stacks 29/08/2023 290.00 9 338.5 BYA 29654   20/11/2025 23/10/2025 4 29/08/2023 Books
    Dewey Decimal Classification     Economics Central Library, Naharkatiya College Central Library, Naharkatiya College General Stacks 29/08/2023 290.00 12 338.5 BYA 29655   20/11/2025 07/11/2025 5 29/08/2023 Books
    Dewey Decimal Classification     Economics Central Library, Naharkatiya College Central Library, Naharkatiya College General Stacks 04/09/2025 300.00 1 338.5 BYA 31085 23/09/2025 08/09/2025 08/09/2025 6 04/09/2025 Books
    Dewey Decimal Classification     Economics Central Library, Naharkatiya College Central Library, Naharkatiya College General Stacks 04/09/2025 300.00 2 338.5 BYA 31086   15/11/2025 01/11/2025 7 04/09/2025 Books
    Dewey Decimal Classification     Economics Central Library, Naharkatiya College Central Library, Naharkatiya College General Stacks 04/09/2025 300.00 1 338.5 BYA 31087   24/09/2025 08/09/2025 8 04/09/2025 Books

Naharkatiya College © 2020. All rights reserved.

Powered By